00773nas a2200193 454500001000500000005001700005008003700022003001500059040004000074080014900114245002700263022001400290264006800304310001500372100004600387650002000433650001600453856011000469105120260407193503.0260407s2003####ag###########|||spa#dAR-UNSa-BCEJYS aAR-UNSa-BCEJYSbspacAR-UNSa-BCEJYS a336.748xPrecios del cambio de monedas. Movimientos de los precios de cambio. Fluctuaciones en los precios de cambio (Inflación, Deflación) 10aInforme de Inflación a1668-0553 1aBuenos Aires :bBanco Central de la República Argentinac2003 aTrimestral1 aBanco Central de la República Argentina a6.25 Economía aInflación41uhttps://biblioeco.unsa.edu.ar/pmb/images/revistas/Informe de Inflaci?n.jpgyImagen de portadaqimage/jpeg